00363nam a2200085Ia 4500008004100000100003000041245013600071260005800207650001200265160725s9999 xx 000 0 und d aGregorio, Pauline Rose L. a(2013, June). Philippine nursing curriculum: moving towards transitional OBE. Kaizen Research Journal College of Nursing, 3, 27-44. bKaizen Research Journal College of NursingcJune 2013 aNURSING